000 00632nam a2200181 a 4500
008 120416s1989 ||||||||||||||||| || u
020 _a0582044405
050 _aHD 82 Tod
100 _aTodaro, Michael P
245 1 0 _aEconomic development in the Third World
250 _a4th. ed.
260 _aNew York
_bLongman
_c1989
300 _axxxvii, 696p. : ill
350 _a0.00
650 0 _aECONOMICS
650 0 _aECONOMIC DEVELOPMENT--AFRICA, SUB-SAHARAN
995 _D0.00
_FCBU-MAIN LIBRARY (Kitwe)
_H1
_I19.99
_M1
_UAVAILABLE
_WApr 24, 2006
_ZMain Library Open Access Collection
999 _c40805
_d40805